000 00836nam a22002777a 4500
001 9362
003 FISKH
005 20251212133044.0
008 251212b cb ||||| |||| 00| 0 eng d
020 _a9780545161459
040 _aFISKH
_beng
_cFISKH
_dFISKH
050 _aPZ7
082 _a813.6
100 _aPeters, Catherine
_eAuthor
245 _aHome run! /
_cby Catherine Peters ; illustrations by Stephen MacEachern
260 _aNew York :
_bScholastic Inc. ,
_c2009
300 _a12 pages :
_bcolor illustrations ;
_c19 x 23 cm
505 _aA
520 _aSimple text and illustrations present a little boy playing ball.
521 8 _a70
_bLexile
521 8 _aA
_bRaz-Plus
650 _aRealistic fiction
_vIndependent
700 _aMacEachern, Stephen
_eIllustrator
942 _2ddc
_cBK
_n0
999 _c9362
_d9362